Statistics for High School Subjects

Click here to take the quiz!

General Stats

  • This quiz has been taken 88 times
  • The average score is 4 of 5

Answer Stats

Subject% Correct
English/Language Arts
96%
Math
95%
Science
79%
Social Studies
77%
Foreign Launguages
21%

Score Distribution

Percentile by Number Answered

Percent of People with Each Score

Your Score History

You have not taken this quiz